000 00919nas a2200277 4500
001 BR2014000977
003 BR-BrBNA
005 20231205123721.0
007 ta
008 230509b bl.|||p| |||| 00| 00por d
040 _aBR-BrBNA
_bpor
_cBiblioteca Nacional de Agricultura
041 _a(Pt)
072 _aN20; F07
100 1 _aSalvador, N.
100 1 _aBenez, S.H.
100 1 _aMion, R.L.
245 1 _aConsumo de combustível na operação de subsolagem realizada antes e depois de diferentes sistemas de preparo periódico do solo
650 _aMANEJO DO SOLO
650 _aIMPLEMENTO AGRÍCOLA
650 _aESCARIFICADOR
650 _aVELOCIDADE
773 0 _tEngenharia Agrícola (Brazil)
_xISSN 0100-6916
_g(Apr-Jun 2008), v. 28(2) p. 256-262
_wBR2014000977
856 4 0 _uhttp://www.scielo.br/pdf/eagri/v28n2/a06v28n2.pdf
909 _a202311
_bLúcia
_c55
_dLúcia Elande
942 _2AGRIS
_n0
_cANA
999 _c235340
_d235340